Central Library OPAC University of Rajshahi

An integrated approach to software engineering / (Record no. 284)

MARC details
000 -LEADER
fixed length control field 00899nam a22002657a 4500
001 - CONTROL NUMBER
control field 284
003 - CONTROL NUMBER IDENTIFIER
rucl marc code BD-RjUL
005 - DATE AND TIME OF LATEST TRANSACTION
control field 20211208233141.0
008 - FIXED-LENGTH DATA ELEMENTS--GENERAL INFORMATION
fixed length control field 131117r2001 us |||| |||| 001 0 eng d
020 ## - INTERNATIONAL STANDARD BOOK NUMBER
International Standard Book Number 8173192715
035 ## - SYSTEM CONTROL NUMBER
System control number (BD-RjUL)301
040 ## - CATALOGING SOURCE
Original cataloging agency BD-RjUL
Language of cataloging eng
Transcribing agency BD-RjUL
Modifying agency BD-RjUL
041 ## - LANGUAGE CODE
Language code of text/sound track or separate title eng
082 04 - DEWEY DECIMAL CLASSIFICATION NUMBER
Edition number 21
Classification number 005.1
Author mark and year JAI 2001
100 1# - MAIN ENTRY--PERSONAL NAME
Personal name Jalote, Pankaj
9 (RLIN) 921
245 13 - TITLE STATEMENT
Title An integrated approach to software engineering /
Statement of responsibility, etc. Pankaj Jalote
250 ## - EDITION STATEMENT
Edition statement 2nd ed.
260 ## - PUBLICATION, DISTRIBUTION, ETC. (IMPRINT)
Place of publication, distribution, etc. New Delhi ;
-- madras :
Name of publisher, distributor, etc. Narosa publishing house,
Date of publication, distribution, etc. c1997 [reprented2001].
300 ## - PHYSICAL DESCRIPTION
Pagination xiv, 497 p. :
Illustrations ill. ;
Size 22 cm.
504 ## - BIBLIOGRAPHY, ETC. NOTE
Bibliography, etc Include index.[489-497]
526 ## - STUDY PROGRAM INFORMATION NOTE
Requested Dept. Computer Science
650 #7 - SUBJECT ADDED ENTRY--TOPICAL TERM
Source of heading or term SLSH
Topical term or geographic name as entry element Software engineering.
9 (RLIN) 922
856 ## - ELECTRONIC LOCATION AND ACCESS
Materials specified World Cat details
Uniform Resource Identifier <a href="http://www.worldcat.org/title/integrated-approach-to-software-engineering/oclc/262677574&referer=brief_results">http://www.worldcat.org/title/integrated-approach-to-software-engineering/oclc/262677574&referer=brief_results</a>
942 ## - ADDED ENTRY ELEMENTS (KOHA)
Source of classification or shelving scheme Dewey Decimal Classification
Koha item type Books
Holdings
Lost status Source of classification or shelving scheme Damaged status Not for loan Collection code Permanent Location Current Location Shelving location Date acquired Source of acquisition Cost, normal purchase price Total Checkouts Full call number Date last seen Copy number Koha item type
  Dewey Decimal Classification     Non-fiction Central Library, University of Rajshahi Central Library, University of Rajshahi   14/06/1999 Ankur Prakaskani 140.00   005.1 JAI 1998 17/11/2013 C-3 Books
  Dewey Decimal Classification     Non-fiction Central Library, University of Rajshahi Central Library, University of Rajshahi   21/07/2008 Paragon Enterprises ltd 275.00   005.1 JAI 2001 17/11/2013 C-7 Books
  Dewey Decimal Classification     Non-fiction Central Library, University of Rajshahi Central Library, University of Rajshahi   14/06/1999 dhaka, paragon Enterprice ltd. 140.00   005.1 JAI 1998 15/11/2016 C-2 Books
  Dewey Decimal Classification   Not For Loan Non-fiction Central Library, University of Rajshahi Central Library, University of Rajshahi Reading Room 14/06/1999 Ankur Prokasoni, Dhaka 140.00   005.1 JAI 2001 13/03/2017 C-1 Books